Loading...
| Literature - World | 0 | 9 | 0 | 0 | 90 | 27 | 51.44 | 6 | 9 | 0.00 | 0.00 |
| Literature - British | 0 | 8 | 1 | 1 | 75 | 23 | 67.13 | 2 | 6 | 0.00 | 0.00 |
| Literature - European | 0 | 8 | 2 | 0 | 70 | 46 | 74.63 | 4 | 7 | 0.00 | 0.00 |
| Literature - American | 0 | 6 | 1 | 0 | 55 | 22 | 69.00 | 2 | 6 | 0.00 | 0.00 |
| Science - Biology | 0 | 5 | 0 | 1 | 50 | 17 | 66.20 | 2 | 3 | 0.00 | 0.00 |
| Social Science | 0 | 3 | 0 | 0 | 30 | 61 | 71.00 | 0 | 2 | 0.00 | 0.00 |
| Philosophy | 0 | 2 | 0 | 0 | 20 | 45 | 69.00 | 0 | 1 | 0.00 | 0.00 |
| Science - Chemistry | 0 | 2 | 1 | 0 | 15 | 11 | 18.50 | 1 | 2 | 0.00 | 0.00 |
| Geography | 0 | 1 | 0 | 0 | 10 | 106 | 106.00 | 0 | 0 | 0.00 | 0.00 |
| Mythology | 0 | 1 | 0 | 0 | 10 | 125 | 125.00 | 0 | 0 | 0.00 | 0.00 |
| Popular Culture | 0 | 1 | 0 | 0 | 10 | 127 | 127.00 | 0 | 1 | 0.00 | 0.00 |
| Fine Arts - Other | 0 | 1 | 0 | 0 | 10 | 93 | 93.00 | 0 | 0 | 0.00 | 0.00 |
| Fine Arts - Classical Music | 0 | 1 | 0 | 0 | 10 | 72 | 72.00 | 0 | 1 | 0.00 | 0.00 |
| History - Other | 0 | 1 | 0 | 0 | 10 | 90 | 90.00 | 0 | 0 | 0.00 | 0.00 |
| Science - Other | 0 | 1 | 1 | 0 | 5 | 61 | 61.00 | 0 | 1 | 0.00 | 0.00 |
| History - World | 0 | 1 | 1 | 0 | 5 | 96 | 96.00 | 0 | 0 | 0.00 | 0.00 |